000 00474nam a2200157Ia 4500
005 20250106034229.0
008 240331s9999 xx 000 0 und d
020 _a9555520003
082 _bABE
_a954
100 _aAbeyasinghe,T
245 0 _aJaffna Under the Portuguese
260 _aLake House printers & Publishers Ltd
_bColombo
_c1986
300 _a55 p .,
500 _aJaffna Under the Portuguese is a study on Portuguesa rule in the Kingdom of Jaffna.
942 _cL
999 _c5716
_d5716